Quiz sulle Isole Vergini Britanniche - Statistics

Statistiche generali
  • Questo quiz è stato fatto 4 volte
  • Il punteggio medio è 10 su 16
Statistiche sulle risposte
Definizione Risposta % Corretto
Re Carlo III
100%
Primo europeo a visitare le isole Cristoforo Colombo
100%
Lingua Ufficiale Inglese
100%
Mare in cui si trovano le Isole Vergini Britanniche Mar dei Caraibi
100%
Le Isole Vergini Britanniche sono una dipendenza di questo Stato Regno Unito
100%
Turismo
100%
Moneta Dollaro Statunitense
67%
Stato che la controllò dal 1648 al 1672 Paesi Bassi
67%
Le Isole Vergini Britanniche, come molte micronazioni, sono considerate un ___________ _________ Paradiso fiscale
67%
Ramo del Cristianesimo professato dall'86% della popolazione Protestantesimo
67%
Popolo che le conquistò nel Quattrocento (i Caraibi prendono il nome da loro) Caribi
33%
Le Isole Vergini Britanniche vennero chiamate così in onore di questa santa e le sue seguaci vergini Sant'Orsola
33%
La Bandiera delle Isole Vergini Britanniche è una delle pochissime al mondo a raffigurare un __________ Umano
33%
Due principali attività delle isole Agricoltura
0%
Indigeni che popolarono le isole dal 100 a.C. Arawak
0%
Capitale Road Town
0%
Nessun quiz corrispondente trovato
Distribuzione punteggi
Percentuale di utenti per punteggio
Percentile per numero di risposta
I tuoi punteggi nel tempo
Non hai fatto questo quiz